|
|
|
|
| LEADER |
01121nam a2200265 a 4500 |
| 001 |
2543986 |
| 008 |
111119r20061996njua b 001 0 eng |
| 010 |
|
|
|a 94045581
|
| 020 |
|
|
|a 8120311310
|
| 020 |
|
|
|a 0133350681
|
| 040 |
|
|
|a DLC
|c DLC
|d DLC
|b D-DhAAL
|
| 050 |
0 |
0 |
|a QA9.58
|b .B73 1996
|
| 082 |
0 |
0 |
|a 511/.8
|2 20
|
| 100 |
1 |
|
|a Brassard, Gilles,
|d 1955-
|
| 245 |
1 |
0 |
|a Fundamentals of algorithmics /
|c Gilles Brassard and Paul Bratley.
|
| 260 |
|
|
|a Englewood, N.J. ;
|a New Delhi :
|b Prentice Hall,
|c c1996 [reprinted 2006].
|
| 300 |
|
|
|a xix, 524 p. :
|b ill. ;
|c 25 cm.
|
| 504 |
|
|
|a Includes bibliographical references (p. 501-515) and index.
|
| 541 |
|
|
|e 00017876
|
| 650 |
|
0 |
|a Algorithms.
|
| 700 |
1 |
|
|a Bratley, Paul.
|
| 852 |
1 |
|
|a Ayesha Abed Library
|c General shelf.
|
| 999 |
|
|
|c 11428
|d 11428
|
| 952 |
|
|
|0 0
|1 0
|2 ddc
|4 0
|6 511_800000000000000_BRA
|7 0
|9 18581
|a BRACUL
|b BRACUL
|c GEN
|d 2011-11-19
|l 6
|m 12
|o 511.8 BRA
|p 3010017876
|r 2025-10-20
|s 2025-10-13
|t 1
|w 2011-11-19
|y BK
|
| 952 |
|
|
|0 0
|1 0
|2 ddc
|4 0
|6 511_800000000000000_BRA
|7 0
|9 52914
|a BRACUL
|b BRACUL
|c GEN
|d 2015-03-06
|l 5
|m 116
|o 511.8 BRA
|p 3010017887
|r 2024-05-05
|s 2023-08-26
|t 2
|w 2015-03-06
|y BK
|